00494nam a22001697a 450000500170000001000150001702000260003203500140005803700080007203700130008008200120009310000190010524501110012426000420023527000220027730000250029920240229165455.0 aENG-139349 a9788192102320c795.00 aEN-122881 adpl bDBAD/PUB a347.779 aBeer,Jeremy de aImplementing the World Intellectual Property Organizations Development Agenda/cBy Jeremy de BeerhEnglish aNew DelhibBookwell Publicationc2011 bNew Delhie110002 axv,184p. c25cm(hbk)